00474nam a22001577a 450000500170000000800410001702000150005804100130007308200150008610000270010124500680012825000190019626000460021530000300026165000250029120231128133718.0231128b |||||||| |||| 00| 0 eng d a0409033669 aEnglish  a340.1 LEW  aHoffmann, IMlEnglish  aLewis and Kyrou's Handy Hints on Legal Practice /cIM Hoffmann  aFirst Edition  aDurban : bLexisNexis Butterworth, c1997 bxxi, 325 pages ; c22 cm. aLegal practicebLaw